Arroz By Any Other Name Quiz Stats

 Plays Quiz not verified by Sporcle

Challenge
Share
Tweet
Embed
Score 0/16 Timer 05:00
0 Plays Today
Rice Language % Correct
riceEnglish
100%
arrozSpanish
97%
白饭Chinese (simplified)
90.7%
ご飯Japanese
90.1%
الأرزArabic
89.8%
ReisGerman
80.8%
risoItalian
78.7%
rizFrench
74.8%
Rice Language % Correct
рисRussian
73%
Korean
70%
אורזHebrew
63.4%
चावलHindi
57.7%
ρύζιGreek
49.2%
pirinçTurkish
34.8%
cơmVietnamese
27.6%
kaninFilipino
10.5%

You're not logged in!

Compare scores with friends on all Sporcle quizzes.
OR
Log In

You Might Also Like...

Show Comments

Extras

Curator's Pick Apr 10, 2018ReportNominate
Tags:Translation Quiz, Other Languages, rice

Top Quizzes Today


Score Distribution

Your Account Isn't Verified!

In order to create a playlist on Sporcle, you need to verify the email address you used during registration. Go to your Sporcle Settings to finish the process.

Report this User

Report this user for behavior that violates our Community Guidelines.

Details: